00683nam a2200181 i 4500001000700000003000900007007000300016008004100019100003100060245008800091260003700179300002200216490004800238830005600286852002100342999001900363952011900382101867ES-MaACLt|051026s1911 fr ||||1| fre d1 aMénard, Alphonse.98007210aAnalyse et critique des principes de la psychologie de W. James /cpar A. Ménard. aParis : bFélix Alcan, c1911. a466 p. ; c22 cm.1 aBibliothèque de philosophie contemporaine0 aBibliothèque de philosophie contemporaine9181027 aES-MaACLjB-6873 c101867d101867 00104070aATENEOMbATENEOMcSPBd2008-01-17eSCl0oB-6873p1106344r2023-02-23 00:00:00w2023-02-23yMONOGRAFIA